书目信息 |
| 题名: |
硝河风云
|
|
| 作者: | 黄煊文 编著 | |
| 分册: | ||
| 出版信息: | 郑州 河南人民出版社 1976 |
|
| 页数: | 196页 | |
| 开本: | 19cm | |
| 丛书名: | ||
| 单 册: | ||
| 中图分类: | I252 | |
| 科图分类: | ||
| 主题词: | 村史--中国--现代 | |
| 电子资源: | ||
| ISBN: | ||
| 000 | 00663nam0 2200229 45 | |
| 001 | 0176003469 | |
| 005 | 20060726174351.56 | |
| 010 | @dCNY0.35 | |
| 091 | @aCN@b3105.279 | |
| 100 | @a19950109d1976 em y0chiy0121 ea | |
| 101 | 0 | @achi |
| 102 | @aCN@b410000 | |
| 105 | @ay z 000zy | |
| 200 | 10 | @a硝河风云@Axiao he feng yun@e河南省内黄县千口村史@f黄煊文编著 |
| 210 | @a郑州@c河南人民出版社@d1976 | |
| 215 | @a196页@d19cm | |
| 517 | 1 | @a河南省内黄县千口村史@Ahe nan sheng nei huang xian qian kou cun shi |
| 606 | @a村史@y中国@z现代 | |
| 690 | @aI252@v3 | |
| 701 | 0 | @a黄煊文@Ahuang xuan wen@4编著 |
| 801 | 0 | @aCN@bTSSF@c20060726 |
| 905 | @a10447@dI252@e533 | |
| 硝河风云:河南省内黄县千口村史/黄煊文编著.-郑州:河南人民出版社,1976 |
| 196页;19cm |
| ISBN :CNY0.35 |
| ● |
| 相关链接 |
|
|
|
|
正题名:硝河风云
索取号:I252/533
 
预约/预借
| 序号 | 登录号 | 条形码 | 馆藏地/架位号 | 状态 | 备注 |
| 1 | 0428011 | 204280116 | 密集书库/ [索取号:I252/533] | 在馆 |